Statistical physics / (Record no. 180582)
[ view plain ]
| 000 -LEADER | |
|---|---|
| fixed length control field | 00766 a2200193 4500 |
| 003 - CONTROL NUMBER IDENTIFIER | |
| control field | Nust |
| 005 - DATE AND TIME OF LATEST TRANSACTION | |
| control field | 20240130124600.0 |
| 020 ## - INTERNATIONAL STANDARD BOOK NUMBER | |
| International Standard Book Number | 6466016 |
| 040 ## - CATALOGING SOURCE | |
| Transcribing agency | Nust |
| 082 ## - DEWEY DECIMAL CLASSIFICATION NUMBER | |
| Classification number | 530,REI |
| 100 ## - MAIN ENTRY--PERSONAL NAME | |
| Personal name | F.Reif |
| 9 (RLIN) | 23726 |
| 245 ## - TITLE STATEMENT | |
| Title | Statistical physics / |
| Statement of responsibility, etc. | F.Reif |
| 250 ## - EDITION STATEMENT | |
| Edition statement | Volume - 5 |
| Remainder of edition statement | Berkeley Phsics Course |
| 260 ## - PUBLICATION, DISTRIBUTION, ETC. | |
| Place of publication, distribution, etc. | New York |
| Name of publisher, distributor, etc. | McGraw Hill |
| Date of publication, distribution, etc. | 1964 |
| 300 ## - PHYSICAL DESCRIPTION | |
| Extent | xxi, 398p. |
| 505 ## - FORMATTED CONTENTS NOTE | |
| Formatted contents note | Characteristic Features of Macroscopic Systems (Page-1), Basic Probability Concepts (Page-55), Statistical Description of Systems of Practices (Page-99), Thermal Interaction (Page-141), Microscopic Theory and Macroscopic Measurements (Page-191), Canonical Distribution in the Classical Approximation (Page-223). |
| 650 ## - SUBJECT ADDED ENTRY--TOPICAL TERM | |
| Topical term or geographic name entry element | Vol : 5 |
| 9 (RLIN) | 103648 |
| 942 ## - ADDED ENTRY ELEMENTS (KOHA) | |
| Source of classification or shelving scheme | |
| Koha item type | Book |
| Call number prefix | 530,REI |
| Withdrawn status | Lost status | Source of classification or shelving scheme | Damaged status | Not for loan | Permanent Location | Current Location | Shelving location | Date acquired | Full call number | Barcode | Date last seen | Price effective from | Koha item type | Public note |
|---|---|---|---|---|---|---|---|---|---|---|---|---|---|---|
| Military College of Signals (MCS) | Military College of Signals (MCS) | General Stacks | 12/12/2016 | 530,REI | MCS21936 | 12/08/2016 | 12/12/2016 | Book | Almirah No. 15, Shelf No. 4 | |||||
| Military College of Signals (MCS) | Military College of Signals (MCS) | General Stacks | 12/12/2016 | 530,REI | MCS92 | 12/08/2016 | 12/12/2016 | Book | Almirah No.15, Shelf No.4 |
